Lista dos 100 Municípios Brasileiros Com Os Maiores IDH - Statistics

Estatísticas Gerais
  • Esse quiz foi jogado 50 vezes
  • A pontuação média é 31 de 100
Estatísticas das Respostas
Estado Município % Correto
Paraná Curitiba
87%
São Paulo São Paulo
87%
Distrito Federal Brasília
85%
Santa Catarina Florianópolis
85%
São Paulo São Caetano do Sul
83%
Espírito Santo Vitória
83%
Minas Gerais Belo Horizonte
80%
Rio Grande do Sul Porto Alegre
80%
Rio de Janeiro Rio de Janeiro
80%
Santa Catarina Balneário Camboriú
78%
Santa Catarina Joinville
76%
Santa Catarina São José
76%
São Paulo Campinas
74%
Mato Grosso Cuiabá
67%
Paraná Maringá
67%
São Paulo Ribeirão Preto
67%
Santa Catarina Blumenau
65%
Santa Catarina Chapecó
65%
Santa Catarina Criciúma
65%
Goiás Goiânia
63%
São Paulo Santo André
61%
São Paulo São Bernardo do Campo
61%
Minas Gerais Uberlândia
61%
Mato Grosso do Sul Campo Grande
59%
Rio de Janeiro Niterói
59%
São Paulo Santos
59%
São Paulo Sorocaba
59%
Santa Catarina Itajaí
57%
Espírito Santo Vila Velha
57%
São Paulo São José dos Campos
52%
São Paulo Jundiaí
48%
Tocantins Palmas
48%
Santa Catarina Brusque
46%
Rio Grande do Sul Casca
43%
São Paulo Piracicaba
43%
São Paulo São José do Rio Preto
43%
São Paulo Bauru
39%
Santa Catarina Tubarão
35%
São Paulo Barueri
33%
São Paulo Taubaté
33%
São Paulo Marília
30%
Minas Gerais Nova Lima
30%
São Paulo Araraquara
28%
São Paulo Presidente Prudente
26%
São Paulo Guaratinguetá
24%
Santa Catarina Jaraguá do Sul
24%
São Paulo São Carlos
24%
São Paulo Águas de São Pedro
22%
São Paulo Barretos
22%
São Paulo Vinhedo
22%
São Paulo Americana
20%
São Paulo Araçatuba
20%
São Paulo Valinhos
20%
São Paulo Indaiatuba
17%
São Paulo Rio Claro
15%
Santa Catarina Concórdia
13%
São Paulo Cruzeiro
13%
São Paulo Holambra
13%
Santa Catarina Itapema
13%
São Paulo Botucatu
11%
Pernambuco Fernando de Noronha
11%
Santa Catarina Joaçaba
11%
São Paulo Lins
11%
Santa Catarina Rio do Sul
11%
São Paulo Votuporanga
11%
São Paulo Assis
9%
São Paulo Paulínia
9%
São Paulo Catanduva
7%
São Paulo Mairiporã
7%
São Paulo Santana de Parnaíba
7%
São Paulo Tremembé
7%
São Paulo Adamantina
4%
São Paulo Amparo
4%
São Paulo Caçapava
4%
São Paulo Fernandópolis
4%
São Paulo Pompéia
4%
São Paulo São João da Boa Vista
4%
Rio Grande do Sul Carlos Barbosa
2%
São Paulo Espírito Santo do Pinhal
2%
Rio Grande do Sul Garibaldi
2%
São Paulo Ilha Solteira
2%
Minas Gerais Itajubá
2%
São Paulo Monte Aprazível
2%
São Paulo Nova Odessa
2%
São Paulo Pirassununga
2%
Santa Catarina Porto União
2%
Paraná Quatro Pontes
2%
São Paulo Barra Bonita
0%
São Paulo Cândido Rodrigues
0%
Santa Catarina Iomerê
0%
Rio Grande do Sul Ipiranga do Sul
0%
Rio Grande do Sul Lagoa dos Três Cantos
0%
Santa Catarina Luzerna
0%
Rio Grande do Sul Nova Araçá
0%
Santa Catarina Rio Fortuna
0%
São Paulo Saltinho
0%
São Paulo Santa Cruz da Conceição
0%
Santa Catarina São Miguel do Oeste
0%
Rio Grande do Sul Três Arroios
0%
Santa Catarina Treze Tílias
0%
Nenhum quiz correspondente encontrado
Distribuição das Pontuações
Porcentagem de Pessoas com Cada Pontuação
Percentil de Números Respondidos
Sua Pontuação Histórica
Você não jogou esse quiz